000 00719nam a2200289Ia 4500
005 20260324145353.0
008 008 260324s9999 xx 000 0 eng d
020 _a9780429045165
037 _aEBOOK
040 _aCRL
040 _beng
040 _cCRL
041 _2eng
041 _aeng
084 _qCRL
100 _aHoward. S. Feldman
_91222724
245 0 _aDevelopmental Psychology For The Health Care Professions, Part Ii
245 0 _bYoung Adult Through Late Aging
260 _bTaylor and Francis
260 _c1983
365 _a
365 _b165
856 _uhttp://www.taylorfrancis.com/books/9780429045165
942 _cEBOOK
999 _c1830540
_d1830540